|
|
|
|
| LEADER |
00691nab a2200205 i 4500 |
| 001 |
misc1525 |
| 005 |
20191106143637.0 |
| 008 |
170607s1912 hu o 0|| hun d |
| 040 |
|
|
|a SZTE Miscellanea Repozitórium
|b hun
|
| 041 |
|
|
|a hun
|
| 100 |
3 |
|
|a Mors eques
|
| 245 |
1 |
0 |
|a Irodalom
|h [elektronikus dokumentum] /
|c Mors eques
|
| 260 |
|
|
|c 1912
|
| 300 |
|
|
|a 947-954
|
| 490 |
0 |
|
|a Kultura [!Kultúra] : irodalmi, művészeti, kritikai képes havi folyóirat
|v 4 No. 15
|
| 695 |
|
|
|a Irodalomtudomány
|
| 700 |
0 |
1 |
|a Hangay Sándor
|e aut
|
| 700 |
0 |
1 |
|a Pajzs Elemér
|e aut
|
| 700 |
0 |
1 |
|a Schnitzler Arthur
|e aut
|
| 856 |
4 |
0 |
|u http://misc.bibl.u-szeged.hu/1525/1/kultura_004_015_947-954.pdf
|z Dokumentum-elérés
|